| 000 | 00385nam a2200145Ia 4500 | ||
|---|---|---|---|
| 005 | 20240821152202.0 | ||
| 008 | 240821s9999||||xx |||||||||||||| ||und|| | ||
| 082 | _a741.67 CUT | ||
| 100 | _aCutner, Herbert | ||
| 245 | 0 | _aTeach yourself commercial art | |
| 260 |
_aLondon _bEnglish Univ _c1949 |
||
| 300 | _a208p | ||
| 650 | _aARTS, CRAFTS, MUSIC, SPORTS AND RECREATIONS | ||
| 942 | _cBK | ||
| 999 |
_c64543 _d64543 |
||